Svet 2003

Bibliographic Details
Format: Image
Language:Slovak
PhysicalDescription:1 kalendár ([8] l.) fotogr. 37x60 cm
Published: [Banská Bystrica] Spektrum Grafik [2002]
Edition:[1. vyd.]
Subjects:

MARC

LEADER 00000nkm a2200000 a 4500
001 vtls001466124
003 SK-MaSNL
005 20260301121745.0
008 200701s2002 xo 0| slo
015 |a SNBG2004/01-00227 
035 |a SNK000421429 
040 |a SNK  |b slo  |c SNK  |e AACR2 
041 0 |a slo 
044 |a xo  |c SK 
080 |a 77.047  |2 1981 
080 |a (059)  |2 1981 
080 |a 711.427:908(100)(059)"2003"  |2 2. slo 
080 |a 908(100)  |2 2. slo 
245 1 |a Svet 2003  |h grafika 
250 |a [1. vyd.] 
260 |a [Banská Bystrica]  |b Spektrum Grafik  |c [2002] 
300 |a 1 kalendár ([8] l.)  |b fotogr.  |c 37x60 cm 
500 |a Tlač obojst. 
648 7 |a 2003  |2 SNK  |9 301018 
650 0 7 |a príroda  |2 SNKPH  |9 3813 
650 0 7 |a mestá  |2 SNKPH  |9 2929 
655 7 |a nástenné kalendáre  |2 SNKPH  |9 70664 
655 7 |a nástenné viaclistové kalendáre  |2 SNK  |9 302208 
958 |a GBN 
999 |c 730539  |d 732469 
952 |t P60, <04>, [BOOK], {604}  |a SNK  |b SNK  |y VYP  |7 0  |p 17A0408605  |o snkOSA 696 D1  |i snkKSP 1240/2004  |0 0  |1 0  |4 0  |d 2004-01-13  |l 0  |r 2005-01-02 00:00:00  |w 2026-02-23 
952 |t P60, <03>, [BOOK], {603}  |a SNK  |b SNK  |y PREZ  |7 0  |p 17A0408604  |o snkOSA 696  |i snkKSP 1239/2004  |0 0  |1 0  |4 0  |d 2004-01-13  |l 0  |r 2005-01-02 00:00:00  |w 2026-02-23